000 00514nam a22001937a 4500
003 LK-CoDNM
005 20250117120716.0
008 250115b |||||||| |||| 00| 0 eng d
040 _aLK-CoDNM
_dLK-CoDNM
_eLK-CoDNM
041 _aeng
080 _a11
_bQ11.1
100 _aAlston A.H.G.
245 _aAnnuals Of The Royal Botanic Gardens Peradeniya
_bJune 1926 - July 1927
260 _aLondon
_bThe Trustees
_c1898
300 _a241p. : ill , 24 cm
490 _vVol. x
650 _aScience
942 _cBK
999 _c236721
_d236721